Rights to Light (Record no. 114919)
[ view plain ]
| 000 -LEADER | |
|---|---|
| fixed length control field | 01184cad a22002295a 4500 |
| 001 - CONTROL NUMBER | |
| control field | L157684 |
| 008 - FIXED-LENGTH DATA ELEMENTS--GENERAL INFORMATION | |
| fixed length control field | 130227s2013 xxk f 000 0 eng d |
| 035 ## - SYSTEM CONTROL NUMBER | |
| System control number | (Sirsi) u157684 |
| 041 0# - LANGUAGE CODE | |
| Language code of text/sound track or separate title | eng |
| 050 04 - LIBRARY OF CONGRESS CALL NUMBER | |
| Classification number | 346.410435 $2 18 |
| 110 2# - MAIN ENTRY--CORPORATE NAME | |
| Corporate name or jurisdiction name as entry element | England and Wales |
| Subordinate unit | Law Commission |
| 9 (RLIN) | 3302 |
| 245 00 - TITLE STATEMENT | |
| Title | Rights to Light |
| Remainder of title | A Consultation Paper |
| Medium | [electronic resource] |
| 260 ## - PUBLICATION, DISTRIBUTION, ETC. | |
| Place of publication, distribution, etc. | London |
| Name of publisher, distributor, etc. | Law Commission |
| Date of publication, distribution, etc. | 2013 |
| 490 #0 - SERIES STATEMENT | |
| Series statement | Law Commission Consultation Paper |
| Volume/sequential designation | No 210 |
| 520 ## - SUMMARY, ETC. | |
| Summary, etc. | Consultation paper considers the law relating to the entire life cycle of a right to light from creation to its extinguishment. Puts forward several provisional proposals and requests consultees views on a number of other areas. The closing date for responses is 16 May 2013. |
| 590 ## - LOCAL NOTE (RLIN) | |
| Local note | KA |
| 651 #4 - SUBJECT ADDED ENTRY--GEOGRAPHIC NAME | |
| Geographic name | ENGLAND AND WALES |
| 690 ## - LOCAL SUBJECT ADDED ENTRY--TOPICAL TERM (OCLC, RLIN) | |
| Topical term or geographic name as entry element | RIGHTS TO LIGHT |
| 856 40 - ELECTRONIC LOCATION AND ACCESS | |
| Uniform Resource Identifier | <a href="https://lawcommission.justice.gov.uk/docs/cp210_rights_to_light_version-web.pdf">https://lawcommission.justice.gov.uk/docs/cp210_rights_to_light_version-web.pdf</a> |
| Public note | View the consultation paper free of charge at http://lawcommission.justice.gov.uk |
| 856 40 - ELECTRONIC LOCATION AND ACCESS | |
| Uniform Resource Identifier | <a href="https://lawcommission.justice.gov.uk/docs/CP210_exec_summary_final.pdf">https://lawcommission.justice.gov.uk/docs/CP210_exec_summary_final.pdf</a> |
| Public note | View the summary free of charge at http://lawcommission.justice.gov.uk |
| 942 ## - ADDED ENTRY ELEMENTS (KOHA) | |
| Suppress in OPAC | 0 |
| Withdrawn status | Lost status | Source of classification or shelving scheme | Damaged status | Not for loan | Home library | Current library | Shelving location | Date acquired | Total Checkouts | Full call number | Barcode | Date last seen | Copy number | Price effective from | Koha item type |
|---|---|---|---|---|---|---|---|---|---|---|---|---|---|---|---|
| Dewey Decimal Classification | London | London | Online | 27/02/2013 | ONLINE PUBLICATION | 157684-1001 | 06/08/2019 | 1 | 06/08/2019 | Book |